Curso de matemática elemental

Збережено в:
Бібліографічні деталі
Автор: Mercado Schüler, Carlos (autor)
Формат: Книга
Мова:Іспанська
Опубліковано: Santiago Universitaria 1982
Предмети:
Теги: Додати тег
Немає тегів, Будьте першим, хто поставить тег для цього запису!

MARC

LEADER 00000nam a2200000 a 4500
001 UCS6667
003 CL-VaPUC
008 970926e19820000CL |||||||||||||||||spa|d
082 0 4 |a 510  |b MER  |2 21 
100 |a Mercado Schüler, Carlos  |e autor  |9 544273 
245 1 0 |a Curso de matemática elemental 
300 |a v 
942 |c BK 
945 |d 19970926 00:00:00  |a rleighto 
260 |a Santiago  |b Universitaria  |c 1982 
500 |a v.1: Algebra 
500 |a v.2: Logaritmos, vectores y escalares, cálculo diferencial, complejos, cálculo integral, trigonometría, geometría analítica 
500 |a v.3-4: Geometría 
500 |a v.5: Aritmética 
500 |a v.6: Conjuntos 
500 |a v.7: Matrices, determinantes, transformaciones puntuales y proyecciones 
500 |a v.8: Análisis combinatorio y cálculo de probabilidades 
500 |a v.9: Estadística descriptiva 
650 0 |a Matemática  |9 260235 
650 0 |a Aritmética   |9 270049 
650 0 |a Números naturales   |9 266064 
650 0 |a Números cardinales  |9 357375 
650 7 |a NUMEROS ORDINALES  |2 CL-VaPUC  |9 371056 
650 7 |a NUMEROS ABSTRACTOS  |2 CL-VaPUC  |9 392029 
650 7 |a SISTEMAS DE NUMERACION  |2 CL-VaPUC  |9 362451 
650 0 |a Matemáticas  |x Enseñanza  |9 875527 
583 |a last modification  |c 19970926 00:00:00  |k Rodrigo Vera 
999 |c 262298  |d 262296 
952 |0 0  |1 0  |2 ddc  |4 0  |6 510_000000000000000_MER_1982  |7 0  |8 A  |9 290593  |a BIBMAT  |b BIBMAT  |c E_DIDACT  |d 2019-11-19  |h v.5  |i 2768283  |o 510 MER 1982  |p 2768283  |r 2025-01-07  |w 2019-11-19  |y BK  |k MAT